Extend Microsoft Access applications to the cloud / (Record no. 99347)

MARC details
000 -LEADER
fixed length control field 00598nam a22001937a 4500
005 - DATE AND TIME OF LATEST TRANSACTION
control field 20160407152524.0
010 ## - LCCN (DPL NO)
LC control number ENG-115022
020 ## - INTERNATIONAL STANDARD BOOK NUMBER
International Standard Book Number 9788120352100
Terms of availability 450.00
035 ## - SYSTEM CONTROL NUMBER
System control number EN-98554
037 ## - SOURCE OF ACQUISITION
Source of stock number/acquisition DBAD/PUB
082 ## - DEWEY DECIMAL CLASSIFICATION NUMBER
Classification number 005.7565
100 ## - MAIN ENTRY--PERSONAL NAME
Personal name Couch, Andrew
245 ## - TITLE STATEMENT
Title Extend Microsoft Access applications to the cloud /
Statement of responsibility, etc by Andrew Couch
260 ## - PUBLICATION, DISTRIBUTION, ETC. (IMPRINT)
Place of publication, distribution, etc Delhi
Name of publisher, distributor, etc PHI Learning
Date of publication, distribution, etc 2016
270 ## - ADDRESS
Address Rimjhim House, 111, Patparganj Industrial Estate,
City Delhi
Postal code 110092
300 ## - PHYSICAL DESCRIPTION
Extent xxv,403p. :
Dimensions 24cm(pbk)
Other physical details ill.
500 ## - GENERAL NOTE
General note Includes index
942 ## - ADDED ENTRY ELEMENTS (KOHA)
Source of classification or shelving scheme Dewey Decimal Classification
Item type English Books
Call number suffix COU
Classification part 005.7565
Holdings
Withdrawn status Lost status Not for loan Collection code Home library Current library Date acquired Source of acquisition Cost, normal purchase price Full call number Barcode Copy number Cost, replacement price Koha item type
    Not For Loan Non-fiction D.B.Act.Division D.B.Act.Division 25/02/2016 DBAD/PUB 450.00 005.7565 COU EN-98554 1 450.00 English Books

© Delhi Public Library
Hit Counter
free hit counter